Fisiología aplicada a la anestesiología / (Registro nro. 13079)

Detalles MARC
000 -LIDER
fixed length control field 00863nam a22002657a 4500
003 - IDENTIFICACDOR DE NÚMERO DE CONTROL
control field DO-SdBNP
005 - DATE AND TIME OF LATEST TRANSACTION
control field 20220620114935.0
008 - ELEMENTOS DE LONGITUD FIJA
fixed length control field 171124b 2012 sp a |||| 00| 0 spa d
020 ## - ISBN
International Standard Book Number 9788415142164
040 ## - FUENTE DE CATALOGACIÓN
Agencia que crea de manera original el registro BPMSU
Idioma de catalogación spa
Agencia que realiza la transcripción BPMSU
082 ## - NÚMERO DE CLASIFICACIÓN DECIMAL DE DEWEY
Classification number 612
Item number F537a 2012
Edition number 22
245 00 - MENCIÓN DE TITULO
Título Fisiología aplicada a la anestesiología /
Mención de responsabilidad editores Enrique Carrero, Jorge Castillo, Antonio Villalonga
260 ## - PUBLICACIÓN, DISTRIBUCIÓN, ETC. (PIE DE IMPRENTA)
Lugar de publicación, distribución, etc España :
Nombre del editor, distribuidor, etc. Océano / Ergon,
Fecha de publicación, distribución, etc 2012.
300 ## - DESCRIPCIÓN FÍSICA
Extensión v. :
Otros detalles físicos il., + CD-ROM ;
Dimensiones 29 cm.
590 ## - NOTA LOCAL
Enlace Inventariado, 2022/VM
650 #4 - ENCABEZAMIENTO DE MATERIA--TEMÁTICO
Término temático o nombre geográfico como elemento de entrada Fisiología humana
650 #4 - ENCABEZAMIENTO DE MATERIA--TEMÁTICO
Término temático o nombre geográfico como elemento de entrada Anestesiología
Subdivisión temática general Enseñanza.
Subdivisión de forma
650 #4 - ENCABEZAMIENTO DE MATERIA--TEMÁTICO
Término temático o nombre geográfico como elemento de entrada
700 1# - ASIENTO SECUNDARIO -- NOMBRE PERSONAL
Nombre personal Carrero Cardenal, Enrique,
Mención de responsabilidad editor
700 1# - ASIENTO SECUNDARIO -- NOMBRE PERSONAL
Nombre personal Castillo Monsegur, Jorge,
Mención de responsabilidad editor
700 1# - ASIENTO SECUNDARIO -- NOMBRE PERSONAL
Nombre personal Villalonga Morales, Antonio,
Mención de responsabilidad editor
710 2# - ASIENTO SECUNDARIO -- NOMBRE CORPORATIVO
Nombre corporativo o de jurisdicción Océano/Ergon
910 ## - VALIDACIÓN
Validación BTavarez /VMateo V.
942 ## - ADDED ENTRY ELEMENTS (KOHA)
Source of classification or shelving scheme Dewey Decimal Classification
Koha item type Libros
Existencias
Withdrawn status Lost status Source of classification or shelving scheme Damaged status Not for loan Collection code Home library Current library Date acquired Source of acquisition Full call number Barcode Date last seen Copy number Price effective from Koha item type Total Checkouts
    Dewey Decimal Classification     Colección General Biblioteca Pública Metropolitana Salomé Ureña Biblioteca Pública Metropolitana Salomé Ureña 11/24/2017 COMPRA BPMSU CG 612 F537a 2012 BPMSU17110411 11/24/2017 V.1 11/24/2017 Libros  
    Dewey Decimal Classification     Colección General Biblioteca Pública Metropolitana Salomé Ureña Biblioteca Pública Metropolitana Salomé Ureña 11/24/2017 COMPRA BPMSU CG 612 F537a 2012 BPMSU22060034 06/20/2022 V.1, e.2 11/24/2017 Libros  
    Dewey Decimal Classification     Colección General Biblioteca Pública Metropolitana Salomé Ureña Biblioteca Pública Metropolitana Salomé Ureña 11/24/2017 COMPRA BPMSU CG 612 F537a 2012 BPMSU22060035 06/20/2022 V.2, e.2 11/24/2017 Libros  
    Dewey Decimal Classification     Colección General Biblioteca Pública Metropolitana Salomé Ureña Biblioteca Pública Metropolitana Salomé Ureña 11/24/2017 COMPRA BPMSU CG 612 F537a 2012 BPMSU22060036 06/20/2022 V.2 11/24/2017 Libros